Music Quiz

Random Music or Rock Quiz
Score 0/227 Timer 10:00
0 Plays Today
Answer % Correct
The
99.5%
The
99.5%
a
99.5%
and
99.5%
and
99.5%
the
99.5%
the
99.5%
the
99.5%
A
99.5%
the
99.5%
a
99.5%
a
99.5%
the
99.5%
the
99.5%
the
99.5%
the
99.5%
the
99.5%
the
99.5%
the
99.5%
the
99.5%
the
99.5%
the
99.5%
I
98.6%
I
98.6%
I
98.6%
I
98.6%
I
98.6%
I
98.6%
of
94.7%
of
94.7%
of
94.7%
of
94.7%
of
94.7%
of
94.7%
of
94.7%
of
94.7%
of
94.7%
of
94.7%
of
94.7%
of
94.7%
on
94.2%
on
94.2%
on
94.2%
on
94.2%
on
94.2%
on
94.2%
on
94.2%
on
94.2%
on
94.2%
on
94.2%
on
94.2%
on
94.2%
m-
93.8%
m-
93.8%
my
91.8%
Out
91.8%
my
91.8%
Out
91.8%
my
91.8%
Out
91.8%
my
91.8%
my
91.8%
Out
91.8%
my
91.8%
Out
91.8%
my
91.8%
Out
91.8%
my
91.8%
out
91.8%
my
91.8%
Out
91.8%
my
91.8%
Out
91.8%
my
91.8%
out
91.8%
my
91.8%
Answer % Correct
in
91.3%
in
91.3%
in
91.3%
in
91.3%
in
91.3%
5:15.
90.4%
5:15.
90.4%
train.
89.9%
train.
89.9%
train.
89.9%
train,
89.9%
train.
89.9%
train.
89.9%
train,
89.9%
train,
89.9%
train.
89.9%
brain
88.5%
brain
88.5%
brain
88.5%
brain
88.5%
brain
88.5%
brain
88.5%
brain.
88.5%
brain
88.5%
brain,
88.5%
brain
88.5%
Why
88%
Why
88%
Why
88%
Why
88%
Should
86.5%
care?
86.5%
should
86.5%
care?
86.5%
Girls
86.5%
girls
86.5%
should
86.5%
care?
86.5%
should
86.5%
care?
86.5%
are
86.1%
are
86.1%
know
86.1%
are
86.1%
sexually
85.6%
knowing.
84.1%
fifteen,
83.2%
He
82.2%
me
76.9%
me
76.9%
where
75.5%
where
75.5%
is
75%
is
75%
generation.
74%
have
74%
have
74%
ushers
72.6%
been?
72.6%
been?
72.6%
Inside,
72.1%
Inside,
72.1%
Inside,
72.1%
Inside,
72.1%
Inside,
72.1%
Inside,
72.1%
outside,
71.6%
outside,
71.6%
outside,
71.6%
outside,
71.6%
outside,
71.6%
outside,
71.6%
Pretty
70.2%
home.
70.2%
home.
70.2%
women.
69.7%
Answer % Correct
alone.
69.2%
alone.
69.2%
prettier
68.8%
Uppers
68.8%
man
68.8%
street
68.3%
corner,
68.3%
downers,
68.3%
leave
68.3%
leave
68.3%
shoes.
66.8%
nowhere
66.3%
high
66.3%
nowhere
66.3%
de-
65.9%
heel
65.9%
quiet
65.4%
Quiet
65.4%
way
64.9%
apple
64.4%
seductive,
62.5%
Eau-
62%
that
62%
what
61.5%
heroes
61.5%
digging
60.6%
either
60.6%
glittering
60.6%
sorry,
59.6%
ballroom.
59.6%
outrageous
59.6%
drag,
59.1%
Dreadfully
58.2%
our
57.7%
our
57.7%
slowly
57.7%
sinking.
56.7%
seats
56.3%
cologning.
55.8%
Magically
55.8%
quarry,
55.3%
they're
55.3%
lorry,
53.8%
minds
53.4%
sniffing,
52.9%
I'm
52.4%
blood
51.9%
flows.
51.9%
Back
51.9%
scrumping.
51.9%
Born
51.9%
ecstatic
51.9%
holy
51%
birthday
51%
war,
50.5%
raft
50%
Sadly
50%
hitching.
49%
toes.
48.6%
undone,
48.6%
showing.
47.1%
bored,
46.2%
frustration
46.2%
it
45.2%
water,
44.2%
punching.
43.8%
Tightly
42.8%
sitting.
42.3%
free
42.3%
celibate
41.8%
Here
36.5%
news.
34.1%
storm
33.2%
comes.
32.2%
Gravely
20.2%
Remove Ads.
Support Sporcle.
Get the best of Sporcle when you Go Orange. This ad-free experience offers more features, more stats, and more fun while also helping to support Sporcle. Thank you for becoming a member.

You're not logged in!

Compare scores with friends on all Sporcle quizzes.
OR
Log In

Show Comments

Extras

Created Oct 23, 2013ReportNominate
Tags:Rock Quiz, Classic Rock, The Who

Top Quizzes Today


Score Distribution

Your Account Isn't Verified!

In order to create a playlist on Sporcle, you need to verify the email address you used during registration. Go to your Sporcle Settings to finish the process.

Report this User

Report this user for behavior that violates our Community Guidelines.

Details: